Porty w Polsce - Statystyki

Ogólne statystyki
  • Ten quiz został rozwiązany 14 razy
  • Średni wynik to 11 z 20
Statystyki odpowiedzi
Odpowiedź % Poprawnych
Gdańsk
100%
Gdynia
100%
Hel
86%
Świnoujście
86%
Sopot
79%
Szczecin
79%
Ustka
79%
Władysławowo
79%
Kołobrzeg
71%
Łeba
71%
Elbląg
64%
Jastarnia
57%
Krynica Morska
50%
Międzyzdroje
50%
Darłowo
36%
Dziwnów
21%
Frombork
21%
Police
14%
Stepnica
0%
Trzebież
0%
Nie znaleziono quizów pasujących do podanych kryteriów
Rozkład punktacji
Procent ludzi z każdym wynikiem
Percentyl według liczby udzielonych odpowiedzi
Twoja historia wyników
Nie rozwiązałeś tego quizu